<?xml version="1.0" encoding="UTF-8"?>
<record
    xmlns:xsi="http://www.w3.org/2001/XMLSchema-instance"
    xsi:schemaLocation="http://www.loc.gov/MARC21/slim http://www.loc.gov/standards/marcxml/schema/MARC21slim.xsd"
    xmlns="http://www.loc.gov/MARC21/slim">

  <leader>02241cam a2200397Ii 4500</leader>
  <controlfield tag="003">CUTN</controlfield>
  <controlfield tag="005">20260214103608.0</controlfield>
  <controlfield tag="008">180706r20172016enka    ob    001 0 eng d</controlfield>
  <datafield tag="020" ind1=" " ind2=" ">
    <subfield code="a">9781315213507</subfield>
  </datafield>
  <datafield tag="020" ind1=" " ind2=" ">
    <subfield code="a">9781351818773</subfield>
  </datafield>
  <datafield tag="020" ind1=" " ind2=" ">
    <subfield code="z">9780415789783</subfield>
  </datafield>
  <datafield tag="020" ind1=" " ind2=" ">
    <subfield code="z">9781621590491</subfield>
  </datafield>
  <datafield tag="041" ind1=" " ind2=" ">
    <subfield code="a">English</subfield>
  </datafield>
  <datafield tag="082" ind1="0" ind2="4">
    <subfield code="a">612.044</subfield>
    <subfield code="b">A652</subfield>
  </datafield>
  <datafield tag="245" ind1="0" ind2="0">
    <subfield code="a">Applied exercise &amp; sport physiology with labs /</subfield>
    <subfield code="c">Terry J. Housh, University of Nebraska - Lincoln, Dona J. Housh, University of Nebraska Medical Center, Herbert A. deVries.</subfield>
  </datafield>
  <datafield tag="246" ind1="1" ind2=" ">
    <subfield code="a">Applied exercise and sport physiology with labs.</subfield>
  </datafield>
  <datafield tag="250" ind1=" " ind2=" ">
    <subfield code="a">Fourth edition.</subfield>
  </datafield>
  <datafield tag="260" ind1=" " ind2=" ">
    <subfield code="a">NY :</subfield>
    <subfield code="b">Routledge,</subfield>
    <subfield code="c">2016.</subfield>
  </datafield>
  <datafield tag="300" ind1=" " ind2=" ">
    <subfield code="a">xx, 481 pages :</subfield>
    <subfield code="b">pb.</subfield>
  </datafield>
  <datafield tag="500" ind1=" " ind2=" ">
    <subfield code="a">First published 2016 by Holcomb Hathaway.</subfield>
  </datafield>
  <datafield tag="505" ind1="0" ind2=" ">
    <subfield code="a">chapter 1 Why Study Exercise Physiology? -- chapter 2 Structure of Muscle Tissue and Muscle Contraction -- chapter 3 Metabolism and Metabolic Adaptations to Training -- chapter 4 The Nervous System -- chapter 5 The Cardiovascular System -- chapter 6 Respiration -- chapter 7 The Endocrine System -- chapter 8 The Immune System -- chapter 9 Health Benefits of Physical Activity -- chapter 10 Aerobic Exercise Prescriptions for Public Health, Cardiorespiratory Fitness, and Athletics -- chapter 11 Muscle Strength and Resistance Training for Health and Athletics -- chapter 12 Flexibility -- chapter 13 Sprinting and Speed Training -- chapter 14 Neuromuscular Fatigue -- chapter 15 Nutrition for Fitness and Athletics -- chapter 16 Ergogenic Aids for Fitness and Athletics -- chapter 17 Environment and Exercise -- chapter 18 Growth, Development, and Exercise in Children and Adolescents -- chapter 19 Aging and Exercise.</subfield>
  </datafield>
  <datafield tag="506" ind1=" " ind2=" ">
    <subfield code="a">Access restricted to subscribing institutions.</subfield>
  </datafield>
  <datafield tag="650" ind1=" " ind2="0">
    <subfield code="a">Physiology</subfield>
  </datafield>
  <datafield tag="650" ind1=" " ind2="0">
    <subfield code="x">Musculoskeletal system</subfield>
    <subfield code="x">Movements.</subfield>
  </datafield>
  <datafield tag="700" ind1="1" ind2=" ">
    <subfield code="a">DeVries, Herbert A.,</subfield>
  </datafield>
  <datafield tag="700" ind1="1" ind2=" ">
    <subfield code="a">Housh, Dona J.,</subfield>
  </datafield>
  <datafield tag="700" ind1="1" ind2=" ">
    <subfield code="a">Housh, Terry J.,</subfield>
  </datafield>
  <datafield tag="700" ind1="1" ind2=" ">
    <subfield code="e">author.</subfield>
  </datafield>
  <datafield tag="700" ind1="1" ind2=" ">
    <subfield code="e">author.</subfield>
  </datafield>
  <datafield tag="700" ind1="1" ind2=" ">
    <subfield code="e">author.</subfield>
  </datafield>
  <datafield tag="776" ind1="0" ind2="8">
    <subfield code="i">Print version: </subfield>
    <subfield code="z">9780415789783.</subfield>
  </datafield>
  <datafield tag="856" ind1="4" ind2="0">
    <subfield code="u">https://ezproxy.lib.gla.ac.uk/login?url=https://www.taylorfrancis.com/books/9781315213507</subfield>
  </datafield>
  <datafield tag="856" ind1="4" ind2="0">
    <subfield code="z">Connect to resource</subfield>
  </datafield>
  <datafield tag="907" ind1=" " ind2=" ">
    <subfield code="a">.b43412944</subfield>
  </datafield>
  <datafield tag="942" ind1=" " ind2=" ">
    <subfield code="2">ddc</subfield>
    <subfield code="c">CU</subfield>
  </datafield>
  <datafield tag="999" ind1=" " ind2=" ">
    <subfield code="c">49287</subfield>
    <subfield code="d">49287</subfield>
  </datafield>
  <datafield tag="952" ind1=" " ind2=" ">
    <subfield code="0">0</subfield>
    <subfield code="1">0</subfield>
    <subfield code="2">ddc</subfield>
    <subfield code="4">0</subfield>
    <subfield code="7">0</subfield>
    <subfield code="8">NFIC</subfield>
    <subfield code="a">CUTN</subfield>
    <subfield code="b">CUTN</subfield>
    <subfield code="c">600</subfield>
    <subfield code="d">2026-02-14</subfield>
    <subfield code="e">UGC NET cell 2025</subfield>
    <subfield code="l">0</subfield>
    <subfield code="o">612.044 HOU</subfield>
    <subfield code="p">55485</subfield>
    <subfield code="r">2026-02-14 05:07:31</subfield>
    <subfield code="w">2026-02-14</subfield>
    <subfield code="y">CU</subfield>
  </datafield>
</record>
